सन 1857: (Record no. 207243)
[ view plain ]
| 000 -LEADER | |
|---|---|
| fixed length control field | 00873nam a22001937a 4500 |
| 005 - DATE AND TIME OF LATEST TRANSACTION | |
| control field | 20241129144104.0 |
| 010 ## - LCCN (DPL NO) | |
| LC control number | HIN-128692 |
| 020 ## - INTERNATIONAL STANDARD BOOK NUMBER | |
| International Standard Book Number | 9789394071018 |
| Terms of availability | 600.00 |
| 035 ## - SYSTEM CONTROL NUMBER | |
| System control number | HN-101038 |
| 037 ## - SOURCE OF ACQUISITION | |
| Source of stock number/acquisition | DBAD |
| 082 ## - DEWEY DECIMAL CLASSIFICATION NUMBER | |
| Classification number | 954.02 |
| 100 ## - MAIN ENTRY--PERSONAL NAME | |
| Personal name | झा, नन्द कुमार |
| 245 ## - TITLE STATEMENT | |
| Title | सन 1857: |
| Remainder of title | प्रथम जनक्रांति के दावानल/ |
| Statement of responsibility, etc | नन्द कुमार झा |
| 250 ## - EDITION STATEMENT | |
| Edition statement | प्रथम |
| 260 ## - PUBLICATION, DISTRIBUTION, ETC. (IMPRINT) | |
| Place of publication, distribution, etc | दिल्ली |
| Name of publisher, distributor, etc | विकल्प प्रकाशन |
| Date of publication, distribution, etc | 2022 |
| 270 ## - ADDRESS | |
| Address | 2226/बी, प्रथम तल, गली नं.-33, पहला पुस्ता, सोनिया विहार |
| City | दिल्ली |
| Postal code | 110090 |
| Telephone number | 9211559886 |
| -- | 8287674809 |
| 300 ## - PHYSICAL DESCRIPTION | |
| Extent | 200 पृ. |
| Dimensions | 22 सेमी (सजिल्द) |
| 942 ## - ADDED ENTRY ELEMENTS (KOHA) | |
| Source of classification or shelving scheme | Dewey Decimal Classification |
| Item type | Hindi Books |
| Classification part | 954.02 |
| Call number suffix | झानन्द |
| Withdrawn status | Lost status | Not for loan | Collection code | Home library | Current library | Date acquired | Source of acquisition | Cost, normal purchase price | Full call number | Barcode | Copy number | Cost, replacement price | Koha item type |
|---|---|---|---|---|---|---|---|---|---|---|---|---|---|
| Non-fiction | Vinoba Puri | Vinoba Puri | 29/11/2024 | DBAD | 600.00 | 954.02 झानन्द | HN-101038 | 1 | 600.00 | Hindi Books |
